000 00713nam a2200241 4500
001 29333
003 BD-RjUL
005 20211209051412.0
008 140403s1968 ilua 000 0 eng
035 _a(BD-RjUL)29418
040 _aDLC
_cDLC
_dDLC
_dBD-RjUL
_beng
041 _aeng
082 0 0 _a153.15
_bREP 1968
100 1 _aReynolds, George Stanley,
_d1936-
_989480
245 1 2 _aA primer of operant conditioning
_cby G. S. Reynolds.
260 _aGlenview, Ill. :
_bScott, Foresman,
_c1968.
300 _a135 p. :
_bill. ;
_c23 cm.
504 _aIncludes bibliographical references and index.
650 0 _aOperant conditioning.
_989481
942 _2ddc
_cBK
999 _c29333
_d29333